MARC

Tag First Indicator Second Indicator Subfields
LEADER 00000cam a22000001a 4500
001 in00003051656
005 20190402183543.0
006 m o d
007 cr un mmmapmmp
008 070626s1912 dcu o f000 0 eng d
035 |a cis2004139670 
040 |a UMI  |c UMI  |d UtOrBLW 
043 |a n-us--- 
099 |a ProQuest Serial Set Number 6178 S.doc.867 
110 1 |a United States.  |b Congress.  |b Senate.  |b Committee on Appropriations. 
245 1 0 |a Colorado River. 
246 1 |a Statement relative to flood control on Colorado River, Imperial Valley California 
264 1 |a Washington :  |b [publisher not identified],  |c 1912. 
300 |a 1 online resource. 
336 |a text  |b txt  |2 rdacontent 
337 |a computer  |b c  |2 rdamedia 
338 |a online resource  |b cr  |2 rdacarrier 
490 0 |a S.doc.867 
500 |a Record is based on bibliographic data in ProQuest U.S. Serial Set Digital Collection (last viewed June 2007). Reuse except for individual research requires license from ProQuest, LLC. 
510 3 |a ProQuest U.S. Serial Set Digital Collection 
500 |a Electronic resource. 
650 0 |a Flood control. 
650 0 |a Floods. 
651 0 |a California. 
655 7 |a Electronic books.  |2 local 
710 2 |a ProQuest (Firm) 
830 0 |a United States congressional serial set. 
856 4 0 |u http://proxy.library.tamu.edu/login?url=http://congressional.proquest.com/congcomp/getdoc?SERIAL-SET-ID=6178+S.doc.867  |z Connect to the full text of this electronic book  |t 0 
999 |a MARS 
999 f f |s e8e38499-604f-3fcb-b608-83d57cb8cde8  |i 86249866-3110-39ca-9770-f6d25d74120d  |t 0 
952 f f |a Texas A&M University  |b College Station  |c Electronic Resources  |d Available Online  |t 0  |e ProQuest Serial Set Number 6178 S.doc.867  |h Other scheme 
998 f f |a ProQuest Serial Set Number 6178 S.doc.867  |t 0  |l Available Online